000 00425nam a2200181Ia 4500
001 13252
005 20260306163040.0
008 260306t1997||||xx |||||||||||||| ||spa||
041 _aESP
082 _a001.42
_bH45 1997
100 _aHernández Sampieri, Roberto
_eAUT
245 0 _aMetodología de la investigación
260 _c1997
300 _a
_c
650 _aGEN
654 _aCHU
942 _cLIB
_dJUS
_fJUS
_2ddc
_n
999 _c13252
_d13252